000 00226nam a22000857a 4500
008 160829b xxu||||| |||| 00| 0 eng d
100 _9262
_aGupta S.K
245 _aGeneral Knowledge-7
260 _aNew Delhi
_bS.Chand publication
_c2010
999 _c2920
_d2920